NBA All-2020's Starting Five - Statistics

General Stats
  • This quiz has been taken 212 times
  • The average score is 131 of 210
Answer Stats
Position Team Answer % Correct
PG ATLANTA HAWKS Trae Young
96%
SF BOSTON CELTICS Jaylen Brown
94%
COACH SACRAMENTO KINGS Mike Brown
94%
C DETROIT PISTONS Jalen Duren
92%
PF BOSTON CELTICS Jayson Tatum
92%
PG HOUSTON ROCKETS James Harden
91%
PG LOS ANGELES CLIPPERS James Harden
91%
SG PHILADELPHIA SIXERS James Harden
91%
PG CHICAGO BULLS Coby White
90%
SG ATLANTA HAWKS Dejounte Murray
90%
PG SAN ANTONIO SPURS Dejounte Murray
90%
SG BOSTON CELTICS Derrick White
90%
PG DENVER NUGGETS Jamal Murray
90%
SF SACRAMENTO KINGS Keegan Murray
90%
PG DALLAS MAVERICKS Luka Doncic
90%
SG CLEVELAND CAVALIERS Donovan Mitchell
89%
SG UTAH JAZZ Donovan Mitchell
89%
PF GOLDEN STATE WARRIORS Draymond Green
89%
SG HOUSTON ROCKETS Jalen Green
89%
PF BROOKLYN NETS Kevin Durant
89%
PF PHOENIX SUNS Kevin Durant
89%
COACH NEW ORLEANS PELICANS Willie Green
89%
PF OKLAHOMA CITY THUNDER Jalen Williams
88%
PG BROOKLYN NETS Kyrie Irving
88%
SG DALLAS MAVERICKS Kyrie Irving
88%
PG CHARLOTTE HORNETS LaMelo Ball
88%
PF LOS ANGELES LAKERS LeBron James
88%
C CHARLOTTE HORNETS Mark Williams
88%
COACH PHOENIX SUNS Monty Williams
88%
C DENVER NUGGETS Nikola Jokić
88%
PG GOLDEN STATE WARRIORS Stephen Curry
88%
SF HOUSTON ROCKETS Amen Thompson
87%
6TH DETROIT PISTONS Ausar Thompson
87%
SG GOLDEN STATE WARRIORS Klay Thompson
87%
PF MILWAUKEE BUCKS Giannis Antetokounmpo
86%
C LOS ANGELES LAKERS Anthony Davis
85%
PG MEMPHIS GRIZZLIES Ja Morant
85%
6TH BOSTON CELTICS Jrue Holiday
85%
SG MILWAUKEE BUCKS Jrue Holiday
85%
C BOSTON CELTICS Al Horford
83%
PG OKLAHOMA CITY THUNDER Chris Paul
83%
PG PHOENIX SUNS Chris Paul
83%
PG MILWAUKEE BUCKS Damian Lillard
83%
PG PORTLAND TRAIL BLAZERS Damian Lillard
83%
PF MIAMI HEAT Jimmy Butler
83%
PG INDIANA PACERS Tyrese Haliburton
83%
C MIAMI HEAT Bam Adebayo
82%
6TH PHOENIX SUNS Cam Johnson
82%
PF CLEVELAND CAVALIERS Evan Mobley
82%
6TH DALLAS MAVERICKS Jalen Brunson
82%
PG NEW YORK KNICKS Jalen Brunson
82%
PF MEMPHIS GRIZZLIES Jaren Jackson Jr.
82%
C CLEVELAND CAVALIERS Jarrett Allen
82%
C PHILADELPHIA SIXERS Joel Embiid
82%
PF MINNESOTA TIMBERWOLVES Karl-Anthony Towns
82%
C NEW YORK KNICKS Karl-Anthony Towns
82%
PF LOS ANGELES CLIPPERS Paul George
82%
PG DETROIT PISTONS Cade Cunningham
81%
PG CLEVELAND CAVALIERS Darius Garland
81%
SF LOS ANGELES CLIPPERS Kawhi Leonard
81%
SF DENVER NUGGETS Michael Porter Jr.
81%
C MINNESOTA TIMBERWOLVES Rudy Gobert
81%
C UTAH JAZZ Rudy Gobert
81%
SF CHICAGO BULLS DeMar DeRozan
80%
SG SACRAMENTO KINGS DeMar DeRozan
80%
SG SAN ANTONIO SPURS DeMar DeRozan
80%
PF DENVER NUGGETS Aaron Gordon
79%
SG MINNESOTA TIMBERWOLVES Anthony Edwards
79%
C MILWAUKEE BUCKS Brook Lopez
79%
C ATLANTA HAWKS Clint Capela
79%
PF INDIANA PACERS Pascal Siakam
79%
PF TORONTO RAPTORS Pascal Siakam
79%
SG OKLAHOMA CITY THUNDER Shai Gilgeous-Alexander
79%
PF NEW ORLEANS PELICANS Zion Williamson
79%
SF BROOKLYN NETS Mikal Bridges
77%
SF PHOENIX SUNS Mikal Bridges
77%
SG PHOENIX SUNS Devin Booker
76%
SG MIAMI HEAT Tyler Herro
76%
C SAN ANTONIO SPURS Victor Wembanyama
76%
SG CHICAGO BULLS Zach LaVine
76%
C INDIANA PACERS Myles Turner
75%
PF ORLANDO MAGIC Paolo Banchero
75%
SF GOLDEN STATE WARRIORS Andrew Wiggins
74%
PG MINNESOTA TIMBERWOLVES Mike Conley
74%
PG UTAH JAZZ Mike Conley
74%
SF MILWAUKEE BUCKS Khris Middleton
73%
C DALLAS MAVERICKS Kristaps Porziņǵis
73%
C WASHINGTON WIZARDS Kristaps Porziņǵis
73%
PG SACRAMENTO KINGS DeAaron Fox
72%
SG NEW YORK KNICKS Josh Hart
72%
PG PHILADELPHIA SIXERS Tyrese Maxey
72%
SG WASHINGTON WIZARDS Bradley Beal
71%
C OKLAHOMA CITY THUNDER Chet Holmgren
71%
PG NEW ORLEANS PELICANS CJ McCollum
71%
6TH PORTLAND TRAIL BLAZERS CJ McCollum
71%
SG MEMPHIS GRIZZLIES Desmond Bane
71%
6TH INDIANA PACERS Domantas Sabonis
71%
C SACRAMENTO KINGS Domantas Sabonis
71%
C CHICAGO BULLS Nikola Vučević
71%
C ORLANDO MAGIC Nikola Vucevic
71%
C HOUSTON ROCKETS Alperen Sengun
69%
SG LOS ANGELES LAKERS Austin Reaves
68%
SF ORLANDO MAGIC Franz Wagner
68%
6TH HOUSTON ROCKETS Russell Westbrook
68%
PG WASHINGTON WIZARDS Russell Westbrook
68%
PF SACRAMENTO KINGS Harrison Barnes
67%
6TH TORONTO RAPTORS Kyle Lowry
67%
SF TORONTO RAPTORS Scottie Barnes
67%
SG INDIANA PACERS Andrew Nembhard
66%
SG NEW ORLEANS PELICANS Brandon Ingram
66%
C LOS ANGELES CLIPPERS Ivica Zubac
66%
PF NEW YORK KNICKS Julius Randle
66%
COACH GOLDEN STATE WARRIORS Steve Kerr
66%
C PHOENIX SUNS DeAndre Ayton
65%
SF DALLAS MAVERICKS Dorian Finney-Smith
65%
6TH BROOKLYN NETS Joe Harris
65%
C GOLDEN STATE WARRIORS Kevon Looney
65%
SG TORONTO RAPTORS OG Anunoby
65%
PF PHILADELPHIA SIXERS Tobias Harris
65%
SG PORTLAND TRAIL BLAZERS Anfernee Simons
64%
6TH PHILADELPHIA SIXERS Ben Simmons
64%
SG BROOKLYN NETS Cam Thomas
64%
PF HOUSTON ROCKETS Jabari Smith Jr.
64%
PG ORLANDO MAGIC Jalen Suggs
64%
PF CHICAGO BULLS Lauri Markkanen
64%
PF UTAH JAZZ Lauri Markkanen
64%
PF ATLANTA HAWKS John Collins
63%
SF NEW ORLEANS PELICANS Herbert Jones
61%
SF MINNESOTA TIMBERWOLVES Jaden McDaniels
61%
PG BOSTON CELTICS Marcus Smart
60%
SG DENVER NUGGETS Christian Braun
59%
SF OKLAHOMA CITY THUNDER Luguentz Dort
59%
SF CHARLOTTE HORNETS Brandon Miller
58%
COACH SAN ANTONIO SPURS Gregg Popovich
58%
6TH GOLDEN STATE WARRIORS Jordan Poole
58%
6TH WASHINGTON WIZARDS Jordan Poole
58%
6TH DENVER NUGGETS Kentavious Caldwell-Pope
58%
SF LOS ANGELES LAKERS Kentavious Caldwell-Pope
58%
PG TORONTO RAPTORS Fred VanVleet
57%
PG LOS ANGELES LAKERS D'Angelo Russell
56%
SF MIAMI HEAT Duncan Robinson
56%
6TH NEW YORK KNICKS Mitchell Robinson
56%
C BROOKLYN NETS Nic Claxton
56%
SF CLEVELAND CAVALIERS Max Strus
54%
PF CHARLOTTE HORNETS PJ Washington
54%
PF DALLAS MAVERICKS P.J. Washington
54%
SF INDIANA PACERS Aaron Nesmith
53%
SF MEMPHIS GRIZZLIES Dillon Brooks
51%
COACH WASHINGTON WIZARDS Scott Brooks
51%
6TH CHICAGO BULLS Alex Caruso
47%
6TH LOS ANGELES LAKERS Alex Caruso
47%
6TH OKLAHOMA CITY THUNDER Alex Caruso
47%
COACH DALLAS MAVERICKS Jason Kidd
47%
COACH PHILADELPHIA SIXERS Doc Rivers
46%
SF ATLANTA HAWKS Dyson Daniels
46%
SG DETROIT PISTONS Jaden Ivey
46%
COACH BOSTON CELTICS Joe Mazzulla
46%
SG LOS ANGELES CLIPPERS Norman Powell
44%
6TH ORLANDO MAGIC Cole Anthony
43%
SF SAN ANTONIO SPURS Devin Vassell
43%
C MEMPHIS GRIZZLIES Jonas Valanciunas
43%
C NEW ORLEANS PELICANS Jonas Valanciunas
43%
6TH MINNESOTA TIMBERWOLVES Naz Reid
43%
6TH NEW ORLEANS PELICANS Trey Murphy III
43%
SF NEW YORK KNICKS RJ Barrett
42%
COACH MIAMI HEAT Erik Spoelstra
41%
PF WASHINGTON WIZARDS Kyle Kuzma
41%
PF DETROIT PISTONS Jerami Grant
40%
PF PORTLAND TRAIL BLAZERS Jerami Grant
40%
COACH LOS ANGELES CLIPPERS Tyronn Lue
40%
C PORTLAND TRAIL BLAZERS Jusuf Nurkic
38%
SG CHARLOTTE HORNETS Terry Rozier
38%
6TH MILWAUKEE BUCKS Bobby Portis
37%
6TH ATLANTA HAWKS Bogdan Bogdanovic
35%
SF UTAH JAZZ Bojan Bogdanovic
35%
6TH CLEVELAND CAVALIERS Collin Sexton
35%
C TORONTO RAPTORS Jakob Poeltl
35%
SF WASHINGTON WIZARDS Rui Hachimura
35%
COACH DENVER NUGGETS Mike Malone
34%
PF SAN ANTONIO SPURS Jeremy Sochan
33%
COACH INDIANA PACERS Rick Carlisle
33%
6TH SAN ANTONIO SPURS Stephon Castle
33%
COACH NEW YORK KNICKS Tom Thibodeau
33%
COACH HOUSTON ROCKETS Ime Udoka
32%
6TH SACRAMENTO KINGS Malik Monk
29%
COACH CHICAGO BULLS Billy Donovan
26%
COACH MILWAUKEE BUCKS Mike Budenholzer
26%
SF PHILADELPHIA SIXERS Kelly Oubre Jr.
25%
COACH OKLAHOMA CITY THUNDER Mark Daigneault
25%
COACH TORONTO RAPTORS Nick Nurse
24%
6TH CHARLOTTE HORNETS Gordon Hayward
22%
6TH MIAMI HEAT Caleb Martin
21%
COACH PORTLAND TRAIL BLAZERS Chauncey Billups
21%
COACH LOS ANGELES LAKERS Frank Vogel
21%
PG MIAMI HEAT Gabe Vincent
21%
COACH DETROIT PISTONS J.B. Bickerstaff
21%
6TH UTAH JAZZ Jordan Clarkson
21%
COACH CLEVELAND CAVALIERS Kenny Atkinson
21%
COACH UTAH JAZZ Quin Snyder
21%
COACH MEMPHIS GRIZZLIES Taylor Jenkins
21%
COACH MINNESOTA TIMBERWOLVES Chris Finch
20%
6TH LOS ANGELES CLIPPERS Nicolas Batum
20%
6TH MEMPHIS GRIZZLIES Santi Aldama
18%
SF DETROIT PISTONS Saddiq Bey
15%
SF PORTLAND TRAIL BLAZERS Toumani Camara
13%
COACH ORLANDO MAGIC Jamahl Mosley
12%
SG ORLANDO MAGIC Evan Fournier
8%
COACH BROOKLYN NETS Jacque Vaughn
8%
COACH ATLANTA HAWKS Nate McMillan
7%
COACH CHARLOTTE HORNETS James Borrego
3%
No matching quizzes found
Score Distribution
Percent of People with Each Score
Percentile by Number Answered
Your Score History
You have not taken this quiz